000 00794nab a2200241 u 4500
001 14647
003 HDC
007 cr bn ---aaaaa
008 210215b2017mmddmy d||no |||| 00| 0 eng d
040 _aHDC
245 0 _aVenture into halal food production
_c/ The Borneo Post
260 _aMalaysia:
_bBorneo Post Sdn Bhd,
_c2017
300 _a1 online resource
336 _atext
_2rdacontent
337 _acomputer
_2rdamedia
338 _aonline resource
_2rdacarrier
650 _aHalal food industry
_zMalaysia
_9218
710 _aBorneo Post Online
856 _zRequest full-text at [email protected]
942 _2lcc
942 _cNEWS
942 _kNWSO 003716
999 _c11963
_d11963